| 000 | 01002nam a2200277Ia 4500 | ||
|---|---|---|---|
| 999 |
_c3510 _d3510 |
||
| 003 | OSt | ||
| 005 | 20200603161854.0 | ||
| 008 | 191128s9999 xx 000 0 und d | ||
| 020 | _a9789587154306 | ||
| 040 |
_aCO-JMCR _cCO-JMCR |
||
| 082 |
_aC / _bSTRi |
||
| 100 |
_aStrada, Annalisa, autora _94931 |
||
| 245 | 0 | _aEl ladrón de colores / | |
| 245 | 0 | _cAnnalisa Strada ; traducción Luis Alberto González | |
| 250 | _aPrimera edición | ||
| 260 | _aBogotá | ||
| 260 | _bSan pablo, | ||
| 260 | _c2010 | ||
| 300 | _a62 páginas | ||
| 300 | _b ilustraciones blanco y negro | ||
| 300 | _c 16 cm | ||
| 520 | _a¡Cómo era de molesto aburrirse. Parecía como si ya no hubiera nada que fuera divertido! ¿ y por qué seria? …Tal vez no deseábamos salir de ese aburrimiento. Como le sucede a quienes son adormecidos por los ladrones: están desmayados y lo escuchan todo, p | ||
| 650 |
_aCuento _93530 |
||
| 700 |
_aGonzález Romero, Luis Alberto, _etraductor _94932 |
||
| 942 |
_2ddc _cBK |
||